INDIAN TEXTILE DESIGNS (Record no. 13394)

MARC details
000 -LEADER
fixed length control field 00232nam a22001217a 4500
003 - CONTROL NUMBER IDENTIFIER
control field SGT
082 ## - DEWEY DECIMAL CLASSIFICATION NUMBER
Classification number 746
Item number FAC
100 ## - MAIN ENTRY--PERSONAL NAME
Personal name FAC
245 ## - TITLE STATEMENT
Title INDIAN TEXTILE DESIGNS
260 ## - PUBLICATION, DISTRIBUTION, ETC. (IMPRINT)
Name of publisher, distributor, etc FAC- DELHI
Year of Publication 2016
300 ## - PAGE DESCRIPTION
No. of Pages 160
942 ## - ADDED ENTRY ELEMENTS (KOHA)
Source of classification or shelving scheme Dewey Decimal Classification
Koha item type Books
Holdings
Withdrawn status Lost status Source of classification or shelving scheme Damaged status Not for loan Home library Current library Shelving location Date acquired Vendor Name Cost, normal purchase price SGTU Bill Number Total Checkouts Full call number Accession No. (Barcode) Date last seen Bill Date Koha item type Date last borrowed
    Dewey Decimal Classification     SGT Science & Social Sciences Library SGT Science & Social Sciences Library Text Book 15/09/2017 FAC DELHI 225.00 SGTU 02854   746 FAC FF296 15/09/2017   Books  
    Dewey Decimal Classification     SGT Science & Social Sciences Library SGT Science & Social Sciences Library Text Book 15/09/2017 FAC DELHI 225.00 SGTU 02854 3 746 FAC FF297 23/04/2019   Books 09/04/2019
    Dewey Decimal Classification     SGT Science & Social Sciences Library SGT Science & Social Sciences Library Text Book 15/09/2017 FAC DELHI 225.00 SGTU 02854   746 FAC FF298 15/09/2017   Books  
    Dewey Decimal Classification     SGT Science & Social Sciences Library SGT Science & Social Sciences Library Text Book 15/09/2017 FAC DELHI 225.00 SGTU 02854   746 FAC FF299 15/09/2017   Books  
    Dewey Decimal Classification     SGT Science & Social Sciences Library SGT Science & Social Sciences Library Text Book 15/09/2017 FAC DELHI 225.00 SGTU 02854 1 746 FAC FF300 30/03/2019   Books 09/03/2019